000 00743nam a2200217 i 4500
001 184261
003 ES-MaACL
005 20231118130941.0
008 150603s2014 sp |||| | spa d
020 _a978-84-86721-04-6
080 _a821.134.2-31"19"
100 1 _aHarguindey, Salvador.
_9156956
245 1 4 _aUna conversación en el cielo /
_cSalvador Harguindey.
250 _a1ª ed.
260 _aVitoria-Gasteiz :
_bLuz Pradera,
_c2014.
300 _a472 p. ;
_c23 cm.
852 _aES-MaACL
_jA-13499
_g Dedicatoria autógrafa del autor
_9191246
_bR.150458
_cDEPO1
_dOlim: N-6499
_hDonación: Salvador Harguindey
903 _9156956
_aHarguindey, Salvador
_ednr
942 _2udc
_cMONOGRAFIA
999 _c184261
_d184261